| 000 | 00858nam a2200169 i 4500 | ||
|---|---|---|---|
| 001 | 108136 | ||
| 003 | ES-MaACL | ||
| 005 | 20230906184603.0 | ||
| 007 | t| | ||
| 008 | 070124m19041909it ||||1| ita d | ||
| 100 | 1 |
_aMortara, Lodovico. _983712 |
|
| 245 | 1 | 0 |
_aCommentario del codice e delle leggi di procedura civile / _cLudovico Mortara. |
| 260 |
_aMilano : _bFrancesco Vallardi, _c1904-1909. |
||
| 300 |
_a5 v. ; _c24 cm. |
||
| 505 | 8 | _aContiene: V. I. Teoria e sistema de la giurisdizione - V.II. Della competenza; I principii generalli della procedura - V. III. La conziliazione; Il compromesso; Il procedimento di dichiarazione in prim istanza. - V. IV. Il procedimento di dichiarazione in prima istanza (fine); Il mezzi per impugnare le sentenze - V. V. Dell' esecuzione forzata sui beni; Dei procedimenti speciali | |
| 852 |
_aES-MaACL _jD-3397-401 |
||
| 999 |
_c108136 _d108136 |
||